[Event "DEM U12/U12w 2014"]
[Site "Magdeburg GER"]
[Date "2014.06.11"]
[Round "7"]
[White "Engel, Luis"]
[Black "Kopylov, Daniel"]
[Result "1-0"]
[Termination "normal"]
[Board "1"]
[WhiteElo "1982"]
[BlackElo "1813"]
[WhiteClock "00:04:08"]
[BlackClock "00:05:43"]
[PlyCount "131"]
[WhiteFideId "12961523"]
[BlackFideId "12921971"]
[EventCountry "GER"]
[EventRounds "11"]
[EventType "swiss"]
[EventDate "2014.06.07"]

1. e4 e6 2. d4 d5 3. Nd2 dxe4 4. Nxe4 Nd7 5. Nf3 Ngf6 6. Bd3 c5 7. O-O Nxe4 8.
Bxe4 Nf6 9. Bg5 h6 10. Bxf6 Qxf6 11. Qd3 a6 12. Rad1 cxd4 13. Nxd4 Be7 14. Nc6
O-O 15. Nxe7+ Qxe7 16. Qd6 Qxd6 17. Rxd6 e5 18. b3 Rb8 19. Rfd1 Be6 20. Kf1
Rfc8 21. R1d2 Kf8 22. Rb6 Rc7 23. c4 Ke7 24. Rdd6 Rc5 25. f3 Rc7 26. g4 Bd7 27.
Rd5 f6 28. Ra5 Bc6 29. Bxc6 Rxc6 30. Raxa6 Kd6 31. Ke2 Kc5 32. Rb5+ Kd6 33.
Rxc6+ Kxc6 34. Rd5 b6 35. Kd3 h5 36. g5 fxg5 37. Rxe5 g4 38. fxg4 hxg4 39. Rg5
Rh8 40. Rxg4 Rxh2 41. a4 Rh7 42. Kc3 Kb7 43. Kb4 Ka6 44. Rg5 Ka7 45. Kb5 Kb7
46. b4 Kc7 47. c5 bxc5 48. bxc5 Kb7 49. a5 Kc7 50. a6 Kb8 51. Rg6 Rh1 52. Rxg7
Rb1+ 53. Kc6 Ra1 54. Rb7+ Ka8 55. Rb6 Ka7 56. Kc7 Rc1 57. Rc6 Rc2 58. Kd7 Rd2+
59. Rd6 Rc2 60. c6 Kxa6 61. Rd1 Kb6 62. Rb1+ Ka7 63. c7 Rd2+ 64. Kc8 Rc2 65.
Ra1+ Kb6 66. Kb8 1-0

[Event "DEM U12/U12w 2014"]
[Site "Magdeburg GER"]
[Date "2014.06.11"]
[Round "7"]
[White "Graf, Justus Felix"]
[Black "Rockmann, Jan-Okke"]
[Result "1/2-1/2"]
[Termination "normal"]
[Board "2"]
[WhiteElo "1513"]
[BlackElo "1873"]
[WhiteClock "00:15:34"]
[BlackClock "01:04:34"]
[PlyCount "113"]
[WhiteFideId "12929212"]
[BlackFideId "12942111"]
[EventCountry "GER"]
[EventRounds "11"]
[EventType "swiss"]
[EventDate "2014.06.07"]

1. e4 c5 2. Nf3 d6 3. d4 cxd4 4. Nxd4 Nf6 5. Nc3 Nc6 6. Bc4 Qb6 7. Nb3 a6 8.
O-O g6 9. a3 Qc7 10. Kh1 Ne5 11. Be2 Bg7 12. f4 Nc4 13. Qd3 b5 14. a4 Rb8 15.
axb5 axb5 16. Nxb5 Rxb5 17. Qxc4 Qxc4 18. Bxc4 Rb4 19. Bd5 Nxd5 20. exd5 Bb7
21. Rd1 O-O 22. Ra3 Re4 23. Kg1 Re2 24. c3 e6 25. Kf1 Rc2 26. Na1 Rxc1 27. Rxc1
Bxd5 28. Nc2 Rb8 29. b4 Bh6 30. g3 e5 31. Ne3 Be6 32. Ng2 d5 33. Rd1 d4 34.
cxd4 exf4 35. Nxf4 Bc4+ 36. Kf2 Rxb4 37. d5 g5 38. Ng2 Rb2+ 39. Kg1 Bb3 40. Rd4
Rb1+ 41. Kf2 Rb2+ 42. Kf1 Rb1+ 43. Ne1 Rd1 44. Rxd1 Bxd1 45. d6 Bg4 46. Ra7 Kf8
47. Ra8+ Kg7 48. Nd3 Bh3+ 49. Kf2 Kf6 50. Re8 Bd7 51. Re7 Be6 52. Nc5 Bf8 53.
Nxe6 fxe6 54. Rxh7 Bxd6 55. h4 gxh4 56. gxh4 Kg6 57. Rh8 1/2-1/2

[Event "DEM U12/U12w 2014"]
[Site "Magdeburg GER"]
[Date "2014.06.11"]
[Round "7"]
[White "Suvorov, Alexander"]
[Black "Renger, Niklas"]
[Result "1/2-1/2"]
[Termination "normal"]
[Board "3"]
[WhiteElo "1569"]
[BlackElo "1794"]
[WhiteClock "00:01:48"]
[BlackClock "00:00:54"]
[PlyCount "70"]
[WhiteFideId "12977063"]
[BlackFideId "12908096"]
[EventCountry "GER"]
[EventRounds "11"]
[EventType "swiss"]
[EventDate "2014.06.07"]

1. Nf3 c5 2. c4 b6 3. g3 Bb7 4. Bg2 Nf6 5. Nc3 e6 6. d3 Be7 7. O-O O-O 8. Bg5
h6 9. Bxf6 Bxf6 10. e4 Nc6 11. Nd2 Nb4 12. Ndb1 Na6 13. Qe2 Nc7 14. f4 d5 15.
cxd5 Bd4+ 16. Kh1 exd5 17. e5 Re8 18. Nd2 Qe7 19. Nf3 f6 20. Rae1 fxe5 21. fxe5
Bxc3 22. bxc3 Rad8 23. Nh4 Nb5 24. Nf5 Qg5 25. Qb2 Bc8 26. Qxb5 Bxf5 27. Bxd5+
Kh8 28. Qc4 Bh3 29. Bg2 Bxg2+ 30. Kxg2 Rxe5 31. Rxe5 Qxe5 32. Rf2 Qe3 33. d4
cxd4 34. cxd4 Qe4+ 35. Kh3 Qe7 1/2-1/2

[Event "DEM U12/U12w 2014"]
[Site "Magdeburg GER"]
[Date "2014.06.11"]
[Round "7"]
[White "Biastoch, Bennet"]
[Black "Mätzkow, Maximilian Paul"]
[Result "1/2-1/2"]
[Termination "normal"]
[Board "4"]
[WhiteElo "1754"]
[BlackElo "1841"]
[WhiteClock "00:35:38"]
[BlackClock "00:15:13"]
[PlyCount "81"]
[WhiteFideId "12939889"]
[BlackFideId "24679933"]
[EventCountry "GER"]
[EventRounds "11"]
[EventType "swiss"]
[EventDate "2014.06.07"]

1. e4 c5 2. Nf3 d6 3. d4 cxd4 4. Nxd4 Nf6 5. Nc3 a6 6. f3 e5 7. Nb3 Be6 8. Be3
h5 9. Nd5 Bxd5 10. exd5 Nbd7 11. c4 Be7 12. Bd3 Rc8 13. Rc1 Qc7 14. O-O O-O 15.
Nd2 b6 16. Ne4 Nc5 17. Kh1 Nxd3 18. Qxd3 Qb7 19. b4 Rfd8 20. Rfd1 Nd7 21. Qb1
Rc7 22. a4 Rdc8 23. Qa2 a5 24. c5 bxc5 25. bxc5 Qa6 26. c6 Nb6 27. Rb1 Qc4 28.
Qxc4 Nxc4 29. Bb6 Nxb6 30. Rxb6 Kf8 31. Ra6 f5 32. Ng3 g6 33. Rxa5 Bd8 34. Rb5
Ra7 35. Ra1 Rca8 36. Rb4 Ra5 37. h3 Rxd5 38. Rc4 Rc8 39. Rac1 Bc7 40. Rb1 Bd8
41. Ra1 1/2-1/2

[Event "DEM U12/U12w 2014"]
[Site "Magdeburg GER"]
[Date "2014.06.11"]
[Round "7"]
[White "Schulze, Lara"]
[Black "ter Stal, Sven"]
[Result "0-1"]
[Termination "normal"]
[Board "5"]
[WhiteElo "1774"]
[BlackElo "1707"]
[WhiteClock "00:02:07"]
[BlackClock "00:08:52"]
[PlyCount "92"]
[WhiteFideId "12956830"]
[BlackFideId "12946443"]
[EventCountry "GER"]
[EventRounds "11"]
[EventType "swiss"]
[EventDate "2014.06.07"]

1. d4 f5 2. c4 g6 3. Nc3 Nf6 4. Nf3 Bg7 5. e3 O-O 6. Bd3 d6 7. O-O Qe8 8. d5
Na6 9. Nd4 c6 10. Be2 Nc7 11. Bf3 Bd7 12. Re1 g5 13. g3 c5 14. Nde2 Qf7 15. Bg2
Qh5 16. Bd2 Ng4 17. h3 Ne5 18. Nc1 Qh6 19. Qe2 Ng6 20. f4 gxf4 21. exf4 Rad8
22. Kh2 Bc8 23. Nd3 Bf6 24. Rab1 Qg7 25. Bf3 Kh8 26. Qg2 b6 27. Rbc1 Rg8 28. b3
Bd7 29. Nb1 b5 30. Ba5 Rc8 31. Bxc7 Rxc7 32. Nd2 Bc3 33. Re2 b4 34. Nb1 Bd4 35.
Rce1 a5 36. h4 Bf6 37. Qf2 Bc8 38. Kh1 Ra7 39. Nb2 Nf8 40. Rd1 Qxg3 41. Qxg3
Rxg3 42. Bg2 Bxh4 43. Rf1 Bf6 44. Rf3 Rxf3 45. Bxf3 Bxb2 46. Rxb2 Ng6 0-1

[Event "DEM U12/U12w 2014"]
[Site "Magdeburg GER"]
[Date "2014.06.11"]
[Round "7"]
[White "Holinka, Henning"]
[Black "Oganessjan, Artur"]
[Result "1-0"]
[Termination "normal"]
[Board "6"]
[WhiteElo "1689"]
[BlackElo "1761"]
[WhiteClock "00:05:22"]
[BlackClock "00:28:01"]
[PlyCount "90"]
[WhiteFideId "12967084"]
[BlackFideId "12986062"]
[EventCountry "GER"]
[EventRounds "11"]
[EventType "swiss"]
[EventDate "2014.06.07"]

1. d4 d6 2. e4 Nf6 3. Nc3 g6 4. f4 c6 5. Nf3 Bg7 6. Bd3 Bg4 7. Be3 Nbd7 8. O-O
O-O 9. h3 Bxf3 10. Qxf3 Qc7 11. g4 e5 12. dxe5 dxe5 13. f5 h6 14. h4 h5 15.
gxh5 Nxh5 16. Qg2 Kh7 17. Kh1 Bh6 18. Bxh6 Kxh6 19. Qg5+ Kh7 20. Bc4 Nb6 21.
Bb3 Nf4 22. Nd1 Qd8 23. fxg6+ fxg6 24. Qxd8 Raxd8 25. Nf2 Ne2 26. Kg2 Rf4 27.
Nh3 Rxh4 28. Ng5+ Kh6 29. Nf7+ Kh5 30. Nxd8 Nf4+ 31. Kf2 Rh2+ 32. Ke3 Re2+ 33.
Kf3 Nd7 34. Rf2 Rxf2+ 35. Kxf2 Nf6 36. Kf3 g5 37. Rh1+ Kg6 38. Be6 c5 39. Bf5+
Kg7 40. Ne6+ Kf7 41. Nxg5+ Ke7 42. Nh7 Ne8 43. Rd1 Nd6 44. Ng5 Nc4 45. Rd7+ Kf6
1-0

[Event "DEM U12/U12w 2014"]
[Site "Magdeburg GER"]
[Date "2014.06.11"]
[Round "7"]
[White "Wierzbicki, Jirawat"]
[Black "Pfreundt, Mathis"]
[Result "1-0"]
[Termination "normal"]
[Board "7"]
[WhiteElo "1774"]
[BlackElo "1667"]
[PlyCount "49"]
[WhiteFideId "1153579"]
[BlackFideId "12967092"]
[EventCountry "GER"]
[EventRounds "11"]
[EventType "swiss"]
[EventDate "2014.06.07"]

1. e4 c5 2. c3 g6 3. d4 cxd4 4. cxd4 d5 5. exd5 Nf6 6. Nc3 Nxd5 7. Nf3 Nb6 8.
Be2 Bg7 9. O-O O-O 10. h3 Bf5 11. Be3 Nc6 12. a3 Nd5 13. Bc4 Nb6 14. Ba2 Rc8
15. Qd2 Qc7 16. Rac1 Qd7 17. Rfd1 Rfd8 18. Qe2 Qe8 19. Ng5 Qf8 20. Nxf7 Rd7 21.
Nd6+ Kh8 22. Nxc8 Nxc8 23. g4 Nd6 24. gxf5 Nxf5 25. Qf3 1-0

[Event "DEM U12/U12w 2014"]
[Site "Magdeburg GER"]
[Date "2014.06.11"]
[Round "7"]
[White "Dietz, Florian"]
[Black "Suvorov, Luca"]
[Result "1-0"]
[Termination "normal"]
[Board "8"]
[WhiteElo "1860"]
[BlackElo "1599"]
[PlyCount "105"]
[WhiteFideId "12939897"]
[BlackFideId "12977071"]
[EventCountry "GER"]
[EventRounds "11"]
[EventType "swiss"]
[EventDate "2014.06.07"]

1. e4 c6 2. d4 d5 3. exd5 cxd5 4. Bd3 Nc6 5. c3 Nf6 6. h3 e6 7. Bf4 Bd6 8. Bxd6
Qxd6 9. Nf3 O-O 10. O-O e5 11. dxe5 Nxe5 12. Re1 Nxd3 13. Qxd3 Qb6 14. Qc2 Be6
15. Nbd2 Rac8 16. Nb3 Rfe8 17. Rad1 h6 18. Nbd4 a6 19. Nh2 Qa7 20. Nf1 b5 21.
Qb3 Qd7 22. Ne3 Kh8 23. Qa3 Qb7 24. Ndc2 Ra8 25. Qa5 Ng8 26. Nb4 Ne7 27. Nec2
Nc6 28. Nxc6 Qxc6 29. Nb4 Qb7 30. Re5 f6 31. Re3 Bf7 32. Rde1 Rxe3 33. Rxe3 Qd7
34. Qb6 a5 35. Nc6 Qf5 36. Qb7 Qc8 37. Re7 Qxb7 38. Rxb7 Be8 39. Nd4 Rd8 40.
Nxb5 Bxb5 41. Rxb5 d4 42. cxd4 Rxd4 43. Rxa5 Rd1+ 44. Kh2 Rd2 45. b4 Rxf2 46.
b5 Rb2 47. a4 Rb4 48. Ra6 Kh7 49. b6 Kg8 50. a5 Kf8 51. Ra7 Ke8 52. Rxg7 Rb5
53. b7 1-0

[Event "DEM U12/U12w 2014"]
[Site "Magdeburg GER"]
[Date "2014.06.11"]
[Round "7"]
[White "Mönster, Madita"]
[Black "Zimmer, Raphael"]
[Result "1-0"]
[Termination "normal"]
[Board "9"]
[WhiteElo "1637"]
[BlackElo "1868"]
[PlyCount "115"]
[WhiteFideId "12947156"]
[BlackFideId "12978841"]
[EventCountry "GER"]
[EventRounds "11"]
[EventType "swiss"]
[EventDate "2014.06.07"]

1. e4 e5 2. Nf3 Nc6 3. Bc4 Bc5 4. O-O Nf6 5. d4 Bxd4 6. Nxd4 Nxd4 7. f4 d6 8.
fxe5 dxe5 9. Bg5 Qe7 10. c3 Qc5 11. Bxf7+ Kxf7 12. cxd4 exd4 13. Bxf6 gxf6 14.
Kh1 Be6 15. Qf3 Qe5 16. Nd2 Rhg8 17. Nb3 Rg6 18. Rad1 Bg4 19. Qd3 Bxd1 20. Rxd1
Rag8 21. Qc4+ Ke8 22. Rd2 Qxe4 23. Re2 f5 24. Rxe4+ fxe4 25. Qxd4 Rd6 26. Qxe4+
Kf7 27. Qxh7+ Kf6 28. h3 Rg7 29. Qh4+ Kf7 30. Nd4 Rg8 31. Qf4+ Ke8 32. Nf5 Rdg6
33. Qe4+ Kd7 34. Ne7 Re6 35. Qxe6+ Kxe6 36. Nxg8 c5 37. g4 b5 38. Kg2 c4 39. a3
a5 40. Kf2 b4 41. Ke2 c3 42. Kd1 cxb2 43. Kc2 bxa3 44. h4 Kd5 45. h5 Ke6 46. g5
Kf5 47. h6 Kg6 48. Ne7+ Kh7 49. Nd5 Kg6 50. Nf6 Kf7 51. h7 Kg7 52. g6 Kh8 53.
Ng4 Kg7 54. Ne5 a4 55. Kb1 a2+ 56. Kxb2 a3+ 57. Kxa2 Kh8 58. Nf7+ 1-0

[Event "DEM U12/U12w 2014"]
[Site "Magdeburg GER"]
[Date "2014.06.11"]
[Round "7"]
[White "Meyling, Lennart"]
[Black "Schallner, Marc"]
[Result "1-0"]
[Termination "normal"]
[Board "11"]
[WhiteElo "1722"]
[BlackElo "1668"]
[PlyCount "85"]
[WhiteFideId "12947130"]
[BlackFideId "12971243"]
[EventCountry "GER"]
[EventRounds "11"]
[EventType "swiss"]
[EventDate "2014.06.07"]

1. e4 e5 2. Nf3 Nc6 3. d4 exd4 4. Bc4 Nf6 5. O-O Nxe4 6. Re1 d5 7. Bxd5 Qxd5 8.
Nc3 Qa5 9. Nxe4 Be6 10. Bd2 Qb6 11. Neg5 O-O-O 12. Nxe6 fxe6 13. Rxe6 Bd6 14.
b3 Rhe8 15. Rxe8 Rxe8 16. Ng5 h6 17. Qg4+ Kb8 18. Nf3 Ne5 19. Nxe5 Bxe5 20. Qh5
Re6 21. Re1 g5 22. f4 d3+ 23. Kh1 Qf2 24. Qf7 b6 25. Qxe6 Qxd2 26. Qxe5 dxc2
27. Qa1 gxf4 28. Qc1 Qd3 29. Qxf4 a6 30. Qf3 Qd6 31. Qe4 Qd1 32. Qe3 h5 33. Qc1
Qd3 34. h3 h4 35. Qf4 Qd1 36. Qe3 Ka7 37. Qc3 Kb8 38. Kg1 a5 39. a4 c6 40. Rf1
Kb7 41. Qe1 Qd4+ 42. Kh1 Qd3 43. Rf7+ 1-0

[Event "DEM U12/U12w 2014"]
[Site "Magdeburg GER"]
[Date "2014.06.11"]
[Round "7"]
[White "Huber, Benedikt"]
[Black "Schneider, Jana"]
[Result "0-1"]
[Termination "normal"]
[Board "12"]
[WhiteElo "1719"]
[BlackElo "1824"]
[PlyCount "50"]
[WhiteFideId "12923583"]
[BlackFideId "12924997"]
[EventCountry "GER"]
[EventRounds "11"]
[EventType "swiss"]
[EventDate "2014.06.07"]

1. d4 d5 2. Bf4 Nf6 3. e3 e6 4. Nf3 Bd6 5. Bd3 O-O 6. O-O b6 7. Qe2 Bb7 8. Nc3
c5 9. b3 cxd4 10. Bxd6 Qxd6 11. exd4 Nc6 12. Rad1 Nb4 13. Nb5 Qe7 14. c4 Nxd3
15. Qxd3 Rfd8 16. Ne5 a6 17. Nc3 Rac8 18. Na4 dxc4 19. bxc4 Nd7 20. Qb3 Nxe5
21. dxe5 Qg5 22. f3 Rxd1 23. Rxd1 b5 24. cxb5 axb5 25. Qxb5 Bxf3 0-1

[Event "DEM U12/U12w 2014"]
[Site "Magdeburg GER"]
[Date "2014.06.11"]
[Round "7"]
[White "Tong, Kevin"]
[Black "Röhr, Tobias"]
[Result "1-0"]
[Termination "normal"]
[Board "13"]
[WhiteElo "1758"]
[BlackElo "1588"]
[PlyCount "35"]
[WhiteFideId "12913944"]
[BlackFideId "12963089"]
[EventCountry "GER"]
[EventRounds "11"]
[EventType "swiss"]
[EventDate "2014.06.07"]

1. e4 e5 2. Nf3 Nc6 3. d4 exd4 4. Nxd4 Bc5 5. Be3 Qf6 6. Nb5 Kd8 7. Bxc5 Qxb2
8. Bd4 Qb4+ 9. Qd2 Nxd4 10. Nxd4 Qe7 11. Bd3 Nf6 12. Nc3 Re8 13. O-O b6 14. Ba6
Qc5 15. Bxc8 Kxc8 16. Nb3 Qh5 17. f3 g5 18. Nd5 1-0

[Event "DEM U12/U12w 2014"]
[Site "Magdeburg GER"]
[Date "2014.06.11"]
[Round "7"]
[White "Liebeck, Eddie"]
[Black "Roseneck, Jonas"]
[Result "0-1"]
[Termination "normal"]
[Board "14"]
[WhiteElo "1676"]
[BlackElo "1766"]
[PlyCount "120"]
[WhiteFideId "12945854"]
[BlackFideId "12939870"]
[EventCountry "GER"]
[EventRounds "11"]
[EventType "swiss"]
[EventDate "2014.06.07"]

1. d4 Nf6 2. Nf3 g6 3. c4 Bg7 4. Nc3 O-O 5. Bg5 d6 6. e3 Nc6 7. Be2 e5 8. O-O
h6 9. Bh4 g5 10. Bg3 Nh7 11. dxe5 Nxe5 12. Nxe5 dxe5 13. e4 f5 14. exf5 Bxf5
15. Qd5+ Qxd5 16. Nxd5 Rf7 17. Ne3 Be6 18. Ng4 e4 19. Ne5 Rff8 20. Ng6 Rfe8 21.
Ne5 Rad8 22. Bh5 Re7 23. Rfd1 Rxd1+ 24. Rxd1 Bf6 25. Rd8+ Kg7 26. b3 c6 27. Ng4
Bc3 28. Be5+ Bxe5 29. Nxe5 Bf5 30. Ng4 Nf6 31. Nxf6 Kxf6 32. Rd6+ Re6 33. Rd7
Re7 34. Rd6+ Ke5 35. Rd8 Rd7 36. Rxd7 Bxd7 37. Bd1 Kd4 38. Kf1 Kc3 39. Ke1 c5
40. Ke2 Bg4+ 41. f3 exf3+ 42. gxf3 Bf5 43. Ke3 Kb2 44. a4 Bc2 45. Bxc2 Kxc2 46.
h4 Kxb3 47. Kd3 Kxa4 48. hxg5 hxg5 49. Ke4 Kb4 50. Kf5 a5 51. Kxg5 a4 52. f4 a3
53. f5 a2 54. Kg6 a1=Q 55. f6 Kxc4 56. f7 Qh8 57. Kf5 Kd5 58. Kg6 Qf8 59. Kh7
Qxf7+ 60. Kh8 Qc7 0-1

[Event "DEM U12/U12w 2014"]
[Site "Magdeburg GER"]
[Date "2014.06.11"]
[Round "7"]
[White "Baltic, Fatih"]
[Black "Roho, Kevin"]
[Result "0-1"]
[Termination "normal"]
[Board "15"]
[WhiteElo "1870"]
[BlackElo "1643"]
[PlyCount "102"]
[WhiteFideId "12979090"]
[BlackFideId "12973734"]
[EventCountry "GER"]
[EventRounds "11"]
[EventType "swiss"]
[EventDate "2014.06.07"]

1. e4 d5 2. exd5 Nf6 3. Bb5+ Bd7 4. Bc4 Bg4 5. f3 Bf5 6. Nc3 c6 7. dxc6 Nxc6 8.
Nge2 e5 9. O-O Bc5+ 10. Kh1 O-O 11. d3 Nd4 12. Ng3 Bg6 13. Nge4 Nxe4 14. dxe4
Rc8 15. Bd3 f5 16. exf5 Bxf5 17. Bxf5 Nxf5 18. Qxd8 Rcxd8 19. Ne4 Be3 20. Re1
Bxc1 21. Raxc1 Rfe8 22. Rcd1 Ne3 23. Rxd8 Rxd8 24. c3 Nd5 25. g3 Nf6 26. Nxf6+
gxf6 27. Re2 Kf7 28. Kg1 Rd1+ 29. Kf2 Ke6 30. Ke3 Rh1 31. Rd2 Re1+ 32. Re2 Rh1
33. f4 Rb1 34. fxe5 fxe5 35. Ke4 Rh1 36. Kf3 Rf1+ 37. Kg4 Kd5 38. h4 e4 39. Kh3
Rf3 40. Kg2 Rd3 41. Kh3 e3 42. g4 Ke4 43. Kg3 Rd2 44. Re1 Kd3 45. g5 Rxb2 46.
a4 Kd2 47. Rh1 e2 48. Kf2 Rb6 49. h5 Re6 50. g6 hxg6 51. hxg6 Rxg6 0-1

[Event "DEM U12/U12w 2014"]
[Site "Magdeburg GER"]
[Date "2014.06.11"]
[Round "7"]
[White "Ning, Felix"]
[Black "Rößler, Lukas Namgyu"]
[Result "1-0"]
[Termination "normal"]
[Board "16"]
[WhiteElo "1491"]
[BlackElo "1662"]
[PlyCount "49"]
[WhiteFideId "12988553"]
[BlackFideId "12938718"]
[EventCountry "GER"]
[EventRounds "11"]
[EventType "swiss"]
[EventDate "2014.06.07"]

1. d4 d5 2. c4 e6 3. Nc3 c5 4. cxd5 exd5 5. dxc5 d4 6. Na4 Bxc5 7. Nxc5 Qa5+ 8.
Bd2 Qxc5 9. Rc1 Qf5 10. Qa4+ Nc6 11. Nf3 Qd5 12. g3 Nge7 13. Bg2 Bd7 14. Qa3
O-O 15. O-O Rfe8 16. Rc5 Qe6 17. Ng5 Qxe2 18. Qb3 Qxd2 19. Nxf7 Rf8 20. Ne5+
Kh8 21. Nxd7 Rfd8 22. Qxb7 Nb4 23. Ne5 Re8 24. Rc7 Nf5 25. Nc4 1-0

[Event "DEM U12/U12w 2014"]
[Site "Magdeburg GER"]
[Date "2014.06.11"]
[Round "7"]
[White "Mantel, Ruben"]
[Black "Stork, Oliver"]
[Result "0-1"]
[Termination "normal"]
[Board "17"]
[WhiteElo "1645"]
[BlackElo "1629"]
[PlyCount "74"]
[WhiteFideId "12930121"]
[BlackFideId "12955728"]
[EventCountry "GER"]
[EventRounds "11"]
[EventType "swiss"]
[EventDate "2014.06.07"]

1. e4 e5 2. Bc4 Nc6 3. Nc3 Bc5 4. Qg4 g6 5. Qg3 d6 6. d3 Nd4 7. Bb3 Be6 8. Bg5
f6 9. Bxe6 Nxe6 10. Be3 Ne7 11. Nf3 Qd7 12. O-O O-O-O 13. Rad1 f5 14. Bxc5 Nxc5
15. Ng5 f4 16. Qh4 Nc6 17. Nd5 h6 18. Nf3 g5 19. Qh5 Ne7 20. c3 c6 21. Nxe7+
Qxe7 22. b4 Nd7 23. d4 Rdg8 24. Nd2 Nf6 25. Qe2 h5 26. Nc4 g4 27. Kh1 h4 28.
dxe5 dxe5 29. Nd6+ Kb8 30. Nf5 Qh7 31. Rd6 Rf8 32. Rfd1 Nxe4 33. Qxe4 Qxf5 34.
Qxf5 Rxf5 35. Rg6 g3 36. hxg3 hxg3+ 37. Kg1 Rfh5 0-1

[Event "DEM U12/U12w 2014"]
[Site "Magdeburg GER"]
[Date "2014.06.11"]
[Round "7"]
[White "Santos, Leonardo"]
[Black "Bui, Hai Lam"]
[Result "0-1"]
[Termination "normal"]
[Board "18"]
[WhiteElo "1451"]
[BlackElo "1674"]
[PlyCount "88"]
[WhiteFideId "12965049"]
[BlackFideId "12975737"]
[EventCountry "GER"]
[EventRounds "11"]
[EventType "swiss"]
[EventDate "2014.06.07"]

1. e4 d5 2. exd5 Qxd5 3. Nc3 Qa5 4. Bc4 Nf6 5. d3 c6 6. Nge2 Bf5 7. O-O e6 8.
a3 h6 9. Ng3 Bh7 10. Re1 Qc7 11. Nce4 Bxe4 12. Nxe4 Nbd7 13. Be3 Nxe4 14. dxe4
Bd6 15. h3 Ne5 16. Ba2 O-O-O 17. Qe2 Kb8 18. b4 g5 19. Red1 Rhg8 20. c4 g4 21.
c5 Be7 22. Rxd8+ Bxd8 23. hxg4 Nxg4 24. f4 Qe7 25. g3 h5 26. Rf1 h4 27. Rf3 Nf6
28. Bf2 Nh5 29. Qd3 Bc7 30. e5 hxg3 31. Bxg3 Qh4 32. Kg2 Nxf4+ 33. Rxf4 Qxf4
34. Kh3 Qh6+ 35. Bh4 Bxe5 36. Bb1 Rg3+ 37. Qxg3 Bxg3 38. Kxg3 Qe3+ 39. Kg4 Qg1+
40. Bg3+ Kc8 41. Bh7 Qd4+ 42. Kh3 Kd7 43. Kg2 Qb2+ 44. Kh3 Qh8 0-1

[Event "DEM U12/U12w 2014"]
[Site "Magdeburg GER"]
[Date "2014.06.11"]
[Round "7"]
[White "Wagner, Benjamin"]
[Black "Mix, Clemens"]
[Result "1/2-1/2"]
[Termination "normal"]
[Board "19"]
[WhiteElo "1634"]
[BlackElo "1474"]
[PlyCount "86"]
[WhiteFideId "12957330"]
[BlackFideId "12987921"]
[EventCountry "GER"]
[EventRounds "11"]
[EventType "swiss"]
[EventDate "2014.06.07"]

1. e4 Nf6 2. e5 Nd5 3. d4 d6 4. c4 Nb6 5. exd6 exd6 6. Nc3 Be7 7. h3 Nc6 8. Nf3
Bf6 9. Be2 O-O 10. O-O Bf5 11. Be3 d5 12. c5 Nc8 13. Re1 N8e7 14. g4 Be4 15. g5
Nf5 16. gxf6 Qxf6 17. Kh2 Bxf3 18. Bxf3 Ncxd4 19. Bxd5 c6 20. Bg2 Rad8 21. Rc1
Ne6 22. Qg4 Nxe3 23. fxe3 Nxc5 24. Rcd1 Rxd1 25. Nxd1 Nd3 26. Rf1 Qe5+ 27. Qg3
Qe6 28. b3 Rd8 29. Qc7 Qd6+ 30. Qxd6 Rxd6 31. Nc3 g6 32. Rd1 Rd7 33. Be4 Ne5
34. Rxd7 Nxd7 35. Kg3 f5 36. Bd3 Ne5 37. Bc4+ Kg7 38. Kf4 Kf6 39. Na4 b5 40.
Bxb5 cxb5 41. Nc3 g5+ 42. Kg3 a6 43. Nd5+ Ke6 1/2-1/2

[Event "DEM U12/U12w 2014"]
[Site "Magdeburg GER"]
[Date "2014.06.11"]
[Round "7"]
[White "Wong, Gengchun"]
[Black "Hermanns, Till"]
[Result "1-0"]
[Termination "normal"]
[Board "21"]
[WhiteElo "1857"]
[BlackElo "1449"]
[PlyCount "69"]
[WhiteFideId "12963283"]
[BlackFideId "12972347"]
[EventCountry "GER"]
[EventRounds "11"]
[EventType "swiss"]
[EventDate "2014.06.07"]

1. e4 e6 2. d4 d5 3. Nd2 Nf6 4. e5 Nfd7 5. Bd3 c5 6. c3 Nc6 7. Ne2 f6 8. exf6
Nxf6 9. O-O cxd4 10. cxd4 Be7 11. Nf3 O-O 12. Re1 Bd6 13. Bf4 Qc7 14. Bxd6 Qxd6
15. Rc1 a6 16. Bb1 Qd7 17. Nf4 Ne4 18. Nd3 Qe7 19. Nde5 Nxe5 20. dxe5 Bd7 21.
Rc7 Rac8 22. Rxd7 Qxd7 23. Bxe4 Qb5 24. Bxh7+ Kf7 25. Nh4 Ke8 26. Qh5+ Kd7 27.
Qg4 Qxb2 28. Qxg7+ Kc6 29. Nf3 Kb6 30. h3 Ka7 31. Qe7 d4 32. Qxe6 Rcd8 33. Rb1
Qc3 34. Qb6+ Kb8 35. Qxb7# 1-0

[Event "DEM U12/U12w 2014"]
[Site "Magdeburg GER"]
[Date "2014.06.11"]
[Round "7"]
[White "Mütsch, Annmarie"]
[Black "Recktenwald, Cedric"]
[Result "1/2-1/2"]
[Termination "normal"]
[Board "22"]
[WhiteElo "1648"]
[BlackElo "1435"]
[PlyCount "48"]
[WhiteFideId "12971367"]
[BlackFideId "12971928"]
[EventCountry "GER"]
[EventRounds "11"]
[EventType "swiss"]
[EventDate "2014.06.07"]

1. e4 e6 2. d4 d5 3. e5 c5 4. c3 Nc6 5. Nf3 Bd7 6. a3 f6 7. Bf4 Qc7 8. Qd2 fxe5
9. Nxe5 Bd6 10. Qe2 Nxe5 11. dxe5 Be7 12. Qh5+ g6 13. Qg4 O-O-O 14. Bd3 c4 15.
Bc2 Qb6 16. Ra2 Bc5 17. O-O Ne7 18. Bg5 Rdf8 19. Bf6 Rhg8 20. Qh4 Rf7 21. Qg5
Rgf8 22. Qd2 Ng8 23. Bh4 Rf4 24. Bg3 R4f7 1/2-1/2

[Event "DEM U12/U12w 2014"]
[Site "Magdeburg GER"]
[Date "2014.06.11"]
[Round "7"]
[White "Rosenhain, Rachela"]
[Black "Hüls, Maximilian"]
[Result "1/2-1/2"]
[Termination "normal"]
[Board "23"]
[WhiteElo "1659"]
[BlackElo "1638"]
[PlyCount "85"]
[WhiteFideId "12957615"]
[BlackFideId "12949698"]
[EventCountry "GER"]
[EventRounds "11"]
[EventType "swiss"]
[EventDate "2014.06.07"]

1. e4 c5 2. Nf3 Nc6 3. d4 cxd4 4. Nxd4 e5 5. Nb5 d6 6. N1c3 Nf6 7. Nd5 Nxd5 8.
exd5 Nb8 9. c4 a6 10. Nc3 Be7 11. Bd3 O-O 12. O-O f5 13. Be3 Bd7 14. f3 Be8 15.
Qd2 Bg6 16. b4 Nd7 17. Rab1 b6 18. Rfc1 f4 19. Bf2 Bxd3 20. Qxd3 Rc8 21. Ne4
Nf6 22. Ng5 Qd7 23. Bxb6 Rb8 24. Bf2 Rfc8 25. Ne4 Nxe4 26. Qxe4 Qa4 27. Qe1
Qxa2 28. Qc3 Qa4 29. Be1 Bf6 30. Qd3 Qd7 31. Qa3 Qa7+ 32. Bf2 Qb7 33. h3 Be7
34. Qd3 g6 35. c5 Qb5 36. Qe4 Qe8 37. c6 Rc7 38. Qc4 Rb5 39. Rc2 Qb8 40. Rcb2
Bf6 41. Rb3 Bd8 42. Kf1 Kg7 43. Ke2 1/2-1/2

[Event "DEM U12/U12w 2014"]
[Site "Magdeburg GER"]
[Date "2014.06.11"]
[Round "7"]
[White "Lesny, Florian"]
[Black "Wachtel, Arthur"]
[Result "0-1"]
[Termination "normal"]
[Board "24"]
[WhiteElo "1549"]
[BlackElo "1539"]
[PlyCount "116"]
[WhiteFideId "12973874"]
[BlackFideId "12988510"]
[EventCountry "GER"]
[EventRounds "11"]
[EventType "swiss"]
[EventDate "2014.06.07"]

1. e4 e6 2. d4 d5 3. e5 c5 4. c3 Nc6 5. Nf3 Nh6 6. Bd3 Bd7 7. a3 f6 8. O-O Be7
9. b4 cxd4 10. cxd4 fxe5 11. dxe5 O-O 12. Bb2 a6 13. Nc3 Be8 14. Qc2 Nf5 15.
Rfe1 Bh5 16. Be2 Bxf3 17. Bxf3 Nfd4 18. Qd1 Nxf3+ 19. gxf3 Bg5 20. Ne2 Rxf3 21.
Ng3 Qf8 22. Qe2 Bh4 23. Kg2 Rf7 24. Rf1 Bxg3 25. hxg3 Rc7 26. Rac1 Rac8 27. Kg1
Qf5 28. f4 Nd4 29. Qf2 Rxc1 30. Rxc1 Rxc1+ 31. Bxc1 Qd3 32. Kg2 Qe4+ 33. Kh2
Qe2 34. Qxe2 Nxe2 35. Bb2 d4 36. Kg2 d3 37. Kf3 Kf7 38. Ke3 Nxg3 39. Kxd3 h5
40. Ke3 Kg6 41. Kf3 Nf5 42. Bc3 Kf7 43. Ke4 Ke7 44. a4 Kd7 45. Be1 Kc6 46. Bf2
b5 47. a5 Ne7 48. Be1 Nd5 49. f5 exf5+ 50. Kxf5 Ne7+ 51. Kg5 Kd5 52. Kxh5 Kxe5
53. Bc3+ Kd5 54. Bxg7 Kc4 55. Bf8 Nc6 56. Bc5 Nxb4 57. Bb6 Nc6 58. Kg4 b4 0-1